Contratos : (Registro nro. 323192)

Detalles MARC
000 -ENCABEZADO
Número de control [NR] 00794nam a22002177a 4500
005 - FECHA Y HORA DE LA ÚLTIMA TRANSACCIÓN
control field 20230922131039.0
008 - DE LONGITUD FIJA DE DATOS DE ELEMENTOS - INFORMACIÓN GENERAL
Elementos de longitud fija [NR] 230920b ||||| |||| 00| 0 eng d
020 ## - NUMERO INTERNACIONAL NORMALIZADO PARA LIBROS [R]
Número Internacional Normalizado del libro [NR] 9507276742
040 ## - FUENTE DE CATALOGACION [NR]
Agencia de catalogación original [NR] CO-BoUCM
Quien Cataloga David Moreno
Quien Clasifica David Moreno
041 ## - CODIGO DE IDIOMA [R]
Código de idioma para texto/pista de sonido o título separado [R] Español
100 1# - ASIENTO PRINCIPAL--NOMBRE PERSONAL [NR]
Nombre personal [NR] Mosset Iturraspe, Jorge
ID Autoridad 132390
245 10 - MENCION DE TITULO [NR]
Título [NR] Contratos :
Parte restante del título [NR] Aspectos generales /
Mención de responsabilidad, etc. [NR] Jorge Mosset Iturraspe y Miguel A. Piedecasas
260 ## - PUBLICACION, DISTRIBUCION, ETC. (PIE DE IMPRENTA) [R]
Lugar de publicación, distribución, etc. [R] Rubinzal-Culzoni
Nombre del editor, distribuidor, etc. [R] Buenos Aires
Fecha de publicación, distribución, etc. [R] 2005
300 ## - DESCRIPCION FISICA [R]
Extensión [R] 613 Paginas
490 ## - MENCION DE SERIE [R]
Mención de serie [R] Responsabilidad civil y contratos
650 17 - ASIENTO SECUNDARIO DE MATERIA - TERMINO TEMATICO [R]
Término temático o nombre geográfico como elemento de entrada [NR] Derecho civil
Subdivisión general [R] Contratos
9 (RLIN) 178862
650 17 - ASIENTO SECUNDARIO DE MATERIA - TERMINO TEMATICO [R]
Término temático o nombre geográfico como elemento de entrada [NR] Términos legales de contrato
Subdivisión general [R] Actos jurídicos
9 (RLIN) 178929
700 1# - ASIENTO SECUNDARIO - NOMBRE PERSONAL [R]
Nombre personal [NR] A. Piedecasas, Miguel
9 (RLIN) 178865
942 ## - ELEMENTOS DE ENTRADA AGREGADOS (KOHA)
Sistema de clasificación DEWEY
Tema principal Derecho
Tipo de ítem principal el descrito en 300a Libro
Edición 1
Clasificación 346.013
Parte restante de la signatura top. M913i
Título oculto en OPAC No
Existencias
Fecha de último préstamo Total préstamos Total Renewals Signatura topográfica Código de barras Última vez visto Ejemplar Costo de reposición Price effective from Tipo de ítem Perdido Sistema de clasificación Dañado No prestable Tipo de ítem específico Suprimido Ubicación habitual Ubicación actual Localización Fecha de creación Forma de adquisición
10/04/2025 1 1 346.013 M913i 100171971 05/12/2025 Ej.1 26000.00 22/09/2023 Libro   DEWEY     Libro   Claustro Claustro 3er piso 22/09/2023 Donación